| 000 | 00409nam a2200157Ia 4500 | ||
|---|---|---|---|
| 008 | 210210b2003 xxu||||| |||| 00| 0 eng d | ||
| 020 | _a81 85771 62 6 | ||
| 082 | _a631.8 DESB | ||
| 100 | _aDESHMUKH (A M). | ||
| 245 | _aBiofertilizers and biopesticides. | ||
| 260 |
_aJaipur _bABD Publishers _c2003 |
||
| 300 | _a228 | ||
| 650 | _aBiofertilizers biopesticides | ||
| 690 | _aAgriculture | ||
| 906 | _a058879 | ||
| 999 |
_c106236 _d106236 |
||